|
|
|
|
| LEADER |
02257nam a2200493 i 4500 |
| 001 |
EBC2039371 |
| 003 |
MiAaPQ |
| 005 |
20200520144314.0 |
| 006 |
m o d | |
| 007 |
cr cnu|||||||| |
| 008 |
150601t20152015gw ob 001 0 eng d |
| 020 |
|
|
|z 9783110411652
|
| 020 |
|
|
|a 9783110412895
|q (electronic bk.)
|
| 035 |
|
|
|a (MiAaPQ)EBC2039371
|
| 035 |
|
|
|a (Au-PeEL)EBL2039371
|
| 035 |
|
|
|a (CaPaEBR)ebr11054983
|
| 035 |
|
|
|a (CaONFJC)MIL808182
|
| 035 |
|
|
|a (OCoLC)909142220
|
| 040 |
|
|
|a MiAaPQ
|b eng
|e rda
|e pn
|c MiAaPQ
|d MiAaPQ
|
| 041 |
|
|
|a eng
|a heb
|
| 050 |
|
4 |
|a BM720.N6
|b .G84 2015
|
| 082 |
0 |
|
|a 296.3909014
|2 23
|
| 245 |
0 |
0 |
|a Tractates Ta'aniot, Megillah, Hagigah and Mo'ed Qatan (Masqin) /
|c edition, translation, and commentary by Heinrich W. Guggenheimer.
|
| 264 |
|
1 |
|a Berlin, [Germany] ; :
|b Walter de Gruyter,
|c 2015.
|
| 264 |
|
4 |
|c 2015
|
| 300 |
|
|
|a 1 online resource (646 pages).
|
| 336 |
|
|
|a text
|2 rdacontent
|
| 337 |
|
|
|a computer
|2 rdamedia
|
| 338 |
|
|
|a online resource
|2 rdacarrier
|
| 490 |
1 |
|
|a Studia Judaica: Forschungen zur Wissenschaft des Judentums Begrundet von ;
|v Band 85
|
| 500 |
|
|
|a Includes index.
|
| 504 |
|
|
|a Includes bibliographical references and index.
|
| 546 |
|
|
|a In English and Hebrew.
|
| 588 |
|
|
|a Description based on online resource; title from PDF title page (ebrary, viewed May 28, 2015).
|
| 590 |
|
|
|a Electronic reproduction. Ann Arbor, MI : ProQuest, 2016. Available via World Wide Web. Access may be limited to ProQuest affiliated libraries.
|
| 610 |
2 |
0 |
|a Talmud Yerushalmi.
|b Shevuot.
|
| 650 |
|
0 |
|a Gentiles (Jewish law)
|v Early works to 1800.
|
| 650 |
|
0 |
|a Oaths (Jewish law)
|v Early works to 1800.
|
| 655 |
|
4 |
|a Electronic books.
|
| 700 |
1 |
|
|a Guggenheimer, Heinrich W.,
|e editor,
|e translator,
|e commentator for written text.
|
| 776 |
0 |
8 |
|i Print version:
|t Tractates Ta'aniot, Megillah, Hagigah and Mo'ed Qatan (Masqin)
|d Berlin, [Germany] ; Boston, Massachusetts : Walter de Gruyter, c2015
|h xiii, 631 pages
|k Studia Judaica (Walter de Gruyter & Co.) ; Band 85.
|z 9783110411652
|
| 797 |
2 |
|
|a ProQuest (Firm)
|
| 830 |
|
0 |
|a Studia Judaica (Walter de Gruyter & Co.) ;
|v Band 85.
|
| 856 |
4 |
0 |
|u https://ebookcentral.proquest.com/lib/matrademy/detail.action?docID=2039371
|z Click to View
|